Text and corpus analysis: computer-assisted studies of language and culture

保存先:
書誌詳細
第一著者: Stubbs, Michael (著者)
フォーマット: 図書
言語:英語
出版事項: Oxford Blackwell 1996
シリーズ:Language in Society, 23
主題:
タグ: タグ追加
タグなし, このレコードへの初めてのタグを付けませんか!

MARC

LEADER 00000nam a2200000 a 4500
001 UCM8720
003 CL-VaPUC
008 030321e19960000UK |||||||||||||||||eng|d
020 |a 0631195114 
082 0 4 |a 401.41  |b STU  |2 21 
100 0 |a Stubbs, Michael  |e author  |9 474887 
245 1 0 |a Text and corpus analysis: computer-assisted studies of language and culture 
300 |a 267 p 
942 |c BK 
945 |d 20030321 00:00:00  |a cmena 
260 |a Oxford  |b Blackwell  |c 1996 
650 0 |a Análisis del discurso  |9 256696 
650 0 |a Proceso de datos   |9 259776 
650 7 |a LENGUAJE INGLES  |2 CL-VaPUC  |9 454942 
650 0 |a Sociolingüística  |9 263716 
583 |a last modification  |c 20030321 00:00:00  |k Rodrigo Vera 
490 0 |a Language in Society, 23 
999 |c 303164  |d 303162 
952 |0 0  |1 0  |4 0  |6 401_410000000000000_STU_1996  |7 0  |8 A  |9 364292  |a FDOPOS  |b FDOPOS  |d 2019-11-21  |i 3880095  |o 401.41 STU 1996  |p 3880095  |r 2025-01-22  |w 2019-11-21  |y BK  |k MLA 
952 |0 0  |1 0  |4 0  |6 401_410000000000000_STU_1996  |7 0  |8 A  |9 364293  |a FDOPOS  |b FDOPOS  |d 2019-11-21  |i 3967654  |o 401.41 STU 1996  |p 3967654  |r 2025-01-22  |w 2019-11-21  |y BK  |k MLA